000 01187cam a22003737a 4500
001 000081105
003 CHAP
005 20220329142051.0
008 990519d1997 mx a r 00010 spa d
010 _a77885
011 _a78857
020 _a9688844705
035 _a88959
040 _cCHAP
090 _aFolleto 15352
100 0 0 _aMiranda Rangel, Andrés.
_976102
245 1 0 _aFilogenia de los seres vivos /
_cpor Andrés Miranda Rangel.
260 _aChapingo, Méx. :
_bUACH.,
_c1997.
300 _a28 p. :
_bilus.
590 _aBATCH-UPD
_b10
_c20130110
_lUCH01
_h0801
590 _aBATCH-UPD
_b10
_c20130410
_lUCH01
_h0440
590 _aBATCH-UPD
_b10
_c20130914
_lUCH01
_h1601
590 _aCONVERSION
_b10
_c20130109
_lUCH01
_h1343
590 _aE5995AHE
_b05
_c20150213
_lUCH01
_h1036
650 1 4 _aFilogenia.
_940883
901 _aBK
905 _aAlejandra Carrasco M.
942 _cFOLL
942 _n0
949 _aFolleto 15352
_bBC
_cFOLL
_d889591
_eTS1
_i88959
_sb
949 _aFolleto 15352
_bBC
_cFOLL
_d889592
_eTS2
_fc.2
_i88959
_si
949 _aFolleto 15352
_bBC
_cFOLL
_d889593
_eTS2
_fc.3
_i88959
_si
949 _aFolleto 15352
_bBC
_cUACH
_d889594
_eUACH
_fc.4
_i88959
_sb
999 _c77885
_d77885